| 000 | 004670000a22001810004500 | ||
|---|---|---|---|
| 003 | MACL | ||
| 005 | 20151004130655.0 | ||
| 008 | 151004b xxu||||| |||| 00| 0 eng d | ||
| 040 |
_aMACL _cMACL |
||
| 041 | _aEnglish | ||
| 082 | _a910/GHO | ||
| 100 |
_aGhose, T K _913614 |
||
| 245 | _aA Profile of The Himalayan Lahaula | ||
| 260 |
_bAnthropological Survey of India _c2002 _aKolkata |
||
| 350 | _a250 | ||
| 650 |
_aGeography & Travels _913616 |
||
| 942 |
_cBK _k910 _2ddc |
||
| 999 |
_c8533 _d8533 |
||